| 000 | 00506nam a2200169 i 4500 | ||
|---|---|---|---|
| 001 | 56120 | ||
| 003 | ES-MaACL | ||
| 005 | 20230906163303.0 | ||
| 007 | t| | ||
| 008 | 031003s1971 sp ||||1| spa d | ||
| 100 | 1 |
_aDíaz-Plaja, Guillermo, _d1909-1984 _9162428 |
|
| 245 | 1 | 0 |
_aCien libros españoles _b: poesía y novela, 1968-1970 / _cGuillermo Díaz-Plaja. |
| 260 |
_a[Salamanca] : _bAnaya, _c[1971] |
||
| 300 |
_aXV, 413 p. ; _c19 cm. |
||
| 852 |
_aES-MaACL _jC-39309 _bR.78776 |
||
| 999 |
_c56120 _d56120 |
||